书目信息 |
| 题名: |
电脑故障排除一学就会
|
|
| 作者: | 黄忠 主编 | |
| 分册: | ||
| 出版信息: | 成都 电子科技大学出版社 2007.03 |
|
| 页数: | 14, 190页 | |
| 开本: | 19cm | |
| 丛书名: | 非常魔法 | |
| 单 册: | ||
| 中图分类: | TP306 | |
| 科图分类: | ||
| 主题词: | 电子计算机--dian zi ji suan ji--故障修复 | |
| 电子资源: | ||
| ISBN: | 978-7-81114-323-2 | |
| 000 | 00990nam 2200253 450 | |
| 001 | 012008396291 | |
| 005 | 20080602111434.26 | |
| 010 | @a978-7-81114-323-2@dCNY12.00 | |
| 100 | @a20080602d2007 em y0chiy0120 ea | |
| 101 | 0 | @achi |
| 102 | @aCN@b510000 | |
| 105 | @aa z 000yy | |
| 106 | @ar | |
| 200 | 1 | @a电脑故障排除一学就会@Adian nao gu zhang pai chu yi xue jiu hui@f黄忠主编@Fhuang zhong zhu bian |
| 210 | @a成都@c电子科技大学出版社@d2007.03 | |
| 215 | @a14, 190页@c图@d19cm | |
| 225 | 2 | @a非常魔法@Afei chang mo fa |
| 330 | @a本书收录了日常使用过程中具有代表性的电脑故障案例,对其产生原因进行细致分析,并给出了清晰的解决思路和方案。主要内容涉及主机硬件故障、外设故障、数码设备故障、Windows 系统故障、应用软件故障、局域网与 Internet 故障、安全与维护故障等。 | |
| 410 | 0 | @12001 @a非常魔法 |
| 606 | 0 | @a电子计算机@Adian zi ji suan ji@x故障修复 |
| 690 | @aTP306@v4 | |
| 701 | 0 | @a黄忠@Ahuang zhong@4主编 |
| 801 | 0 | @aCN@bQSSK@c20080602 |
| 905 | @b721228-29@dTP306@eH922@f2 | |
| 电脑故障排除一学就会/黄忠主编.-成都:电子科技大学出版社,2007.03 |
| 14, 190页:图;19cm.-(非常魔法) |
| ISBN 978-7-81114-323-2:CNY12.00 |
| 本书收录了日常使用过程中具有代表性的电脑故障案例,对其产生原因进行细致分析,并给出了清晰的解决思路和方案。主要内容涉及主机硬件故障、外设故障、数码设备故障、Windows 系统故障、应用软件故障、局域网与 Internet 故障、安全与维护故障等。 |
| ● |
| 相关链接 |
|
|
|
正题名:电脑故障排除一学就会
索取号:TP306/H922
 
预约/预借
| 序号 | 登录号 | 条形码 | 馆藏地/架位号 | 状态 | 备注 |
| 1 | 721228 | 207212283 | 自科库301/301自科库 46排1列4层/ [索取号:TP306/H922] | 在馆 | |
| 2 | 721229 | 207212292 | 自科库301/301自科库 46排1列4层/ [索取号:TP306/H922] | 在馆 |